Homenaje a Joaquín Costa
Colección:
San Jorge,
; núm. 7 (juliol 1952), pàg 55
Materias:
Costa, Joaquín, -- 1846-1911
Idioma:
Español
MARC
| LEADER | 00000naa a2200000 a 4500 | ||
|---|---|---|---|
| 003 | Arxiu | ||
| 005 | 20260324181024.0 | ||
| 008 | 160829s1952 spc xx s spa c | ||
| 040 | |a agdb | ||
| 245 | 0 | 0 | |a Homenaje a Joaquín Costa |
| 490 | |a San Jorge, |v núm. 7 (juliol 1952), pàg 55 | ||
| 600 | 1 | 0 | |a Costa, Joaquín, |d 1846-1911 |9 54853 |
| 773 | |g Núm. 7 (juliol 1952), pàg 55 |t San Jorge. | ||
| 901 | |a Arxiu | ||
| 942 | |n 1 |2 udc |c ART | ||
| 952 | |0 0 |1 0 |4 0 |6 REV508 |7 1 |9 64674 |a Arxiu |b Arxiu |d 2022-12-05 |l 0 |o Rev-508 |r 2022-12-05 00:00:00 |w 2022-12-05 |y ARXIU |z També disponible a Rev-521 | ||
| 999 | |c 43827 |d 43827 | ||